000 00974nam a2200253Ia 4500
003 OSt
005 20220930064736.0
006 a|||||r|||| 00| 0
007 ta
008 220926b |||||||| |||| 00| 0 eng d
024 _a4652
037 _cTheses
040 _aCRL
_cCRL
_beng
041 _2eng
_aeng
100 _aHasija B D
_9524897
110 _aUniversity of Delhi. Faculty of Medical Sciences. Department of Obstetrics and Gynaecology
245 0 _aChanges in menstraul patterns and its correlation with endometrial changes in different methods of sterilizations (Laparoscopic sterilization with falope rings and modified pomeroy method
_b A comparative study
260 _c1985
650 _aWOMEN - DISEASES
700 _a Dr Uma Goyal Supervisor
_9524787
700 _aUniversity of Delhi. Faculty of Medical Sciences. Department of Obstetrics and Gynaecology
942 _cDIS
_2CC
999 _c858617
_d858617